| 000 | 00812nam a2200265 a 4500 | ||
|---|---|---|---|
| 001 | 2621053 | ||
| 003 | ARRUPE | ||
| 005 | 20161129122305.0 | ||
| 008 | 980318s1997 enka b 001 0 eng | ||
| 010 | _a 98127821 | ||
| 020 | _a0748728570 | ||
| 040 |
_aDLC _cDLC |
||
| 050 | 0 | 0 | _aPN2037.P73 1997 |
| 082 | 0 | 0 |
_a792 _221 |
| 100 |
_aMackey, Sally _927723 |
||
| 245 | 0 | 0 |
_aPractical theatre : _ba post-16 approach / _ceditor, Sally Mackey. |
| 260 |
_aCheltenham _bStanley Thornes, _c1997. |
||
| 300 |
_axiv, 386 p.; _bill. ; _c28 cm. |
||
| 650 | 0 |
_aTheater _xProduction and direction. _915537 |
|
| 650 | 0 |
_aActing. _923241 |
|
| 700 | 1 |
_aMackey, Sally. _927723 |
|
| 906 |
_a7 _bcbc _corignew _d3 _encip _f19 _gy-gencatlg |
||
| 942 |
_2lcc _cMONOGRAPH |
||
| 999 |
_c125818 _d125818 |
||